000 00972nas a2200301 4500
001 BR8205275
003 BR-BrBNA
005 20231205085248.0
007 ta
008 230509b bl.|||p| |||| 00| 00por d
040 _aBR-BrBNA
_bpor
_cBiblioteca Nacional de Agricultura
041 _a(Pt)
072 _aF25; F22
100 1 _aSchroder, E.P.
100 1 _aBrauner, J.L.
100 1 _aCordeiro, D.D.
100 1 _aSilveira Junior, P.
245 1 _aInfluencia de residuos organicos, vermiculita e enxofre elementar na producao de sorgo, nas caracteristicas quimicas no solo e na eficiencia de um fosfato natural brasileiro [Sorghum spp]
650 _aSORGO
650 _aFOSFATO
650 _aRESIDUO ORGANICO
650 _aVERMICULITA
650 _aENXOFRE
650 _aDISPONIBILIDADE
773 0 _tAgros (Brazil)
_xISSN 0365-2742
_g(Jul-Dec 1982), v. 17(3-4) p. 65-76
_wBR8205275
909 _a202311
_bLúcia
_c55
_dLúcia Elande
942 _2AGRIS
_n0
_cANA
999 _c110330
_d110330